LEADER 00837nam0-2200301 --450 001 9910228358003321 005 20180118123739.0 010 $a978-88-430-6528-8 100 $a20171124d2012----kmuy0itay5050 ba 101 $aita$agrc 102 $aIT 105 $a 001yy 200 1 $aAcarnesi$fAristofane$gintroduzione, traduzione e commento di Diego Lanza 210 $aRoma$cCarocci$d2012 215 $a248 p.$d22 cm 225 1 $aClassici$v21 300 $aTesto originale a fronte. 500 10$aAcarnes$91494893 676 $a882.01$v21 700 0$aAristophanes$0160835 702 1$aLanza,$bDiego 801 0$aIT$bUNINA$gREICAT$2UNIMARC 901 $aBK 912 $a9910228358003321 952 $aP2B 600 CAR ARISTOPH. 402A 2012$bBIBL. 2017$fFLFBC 959 $aFLFBC 996 $aAcarnes$91494893 997 $aUNINA LEADER 01266nam 2200385 450 001 000012263 005 20050718115400.0 010 $a0-12-457555-2 100 $a20030410d1993----km-y0itay0103----ba 101 0 $aeng 102 $aUS 200 1 $aQuantum chemistry$fJohn P. Lowe 205 $a2. ed. 210 $aSan Diego...[etc]$cAcademic Press$dc1993 215 $aXX, 711 p.$d24 cm. 606 $aChimica quantistica 676 $a541.28$v(21. ed.)$9Chimica quantistica 700 1$aLowe,$bJohn P.$0441027 801 0$aIT$bUniversità della Basilicata - B.I.A.$gRICA$2unimarc 912 $a000012263 996 $aQuantum chemistry$978141 997 $aUNIBAS BAS $aMONSCI BAS $aSCIENZE CAT $aSTD018$b01$c20030410$lBAS01$h1728 CAT $aSTD018$b01$c20030416$lBAS01$h1550 CAT $aSTD018$b01$c20030416$lBAS01$h1552 CAT $aTORRE$b20$c20030603$lBAS01$h1205 CAT $c20050601$lBAS01$h1755 CAT $abatch$b01$c20050718$lBAS01$h1051 CAT $c20050718$lBAS01$h1110 CAT $c20050718$lBAS01$h1140 CAT $c20050718$lBAS01$h1154 FMT Z30 -1$lBAS01$LBAS01$mBOOK$1BASA2$APolo Tecnico-Scientifico$2DID$BDidattica$3PTS.c2.p1.3A$690790$5S90790$820030416$f04$FPrestabile Didattica LEADER 01382nam 2200397 a 450 001 9910700184903321 005 20110822150342.0 035 $a(CKB)5470000002407114 035 $a(OCoLC)747503752 035 $a(EXLCZ)995470000002407114 100 $a20110822d2011 ua 0 101 0 $aeng 135 $aurbn||||||||| 181 $ctxt$2rdacontent 182 $cc$2rdamedia 183 $acr$2rdacarrier 200 00$aConservation Reserve Enhancement Program$b[electronic resource] $eNew York City 210 1$a[Washington, D.C.] :$cU.S. Dept. of Agriculture, Farm Service Agency,$d[2011] 215 $a1 online resource (1 pages) 225 1 $aFact sheet 300 $aTitle from title screen (viewed on Aug. 19, 2011). 300 $a"February 2011." 517 $aConservation Reserve Enhancement Program 606 $aWellhead protection$zNew York (State)$zNew York 606 $aConservation of natural resources$zNew York (State)$zNew York 606 $aEnvironmental protection$zNew York (State)$zNew York 615 0$aWellhead protection 615 0$aConservation of natural resources 615 0$aEnvironmental protection 712 02$aUnited States.$bFarm Service Agency. 801 0$bGPO 801 1$bGPO 906 $aBOOK 912 $a9910700184903321 996 $aConservation Reserve Enhancement Program$93481002 997 $aUNINA